| 000 | 00743nam a2200265Ia 4500 | ||
|---|---|---|---|
| 003 | OSt | ||
| 005 | 20220925220410.0 | ||
| 006 | a|||||r|||| 00| 0 | ||
| 007 | ta | ||
| 008 | 220923b |||||||| |||| 00| 0 eng d | ||
| 037 | _cGeneral Book | ||
| 040 |
_aRTL _cRTL _beng |
||
| 041 |
_2eng _aeng |
||
| 082 | _aB28, K8 | ||
| 100 |
_aLindgren B W _9284716 |
||
| 245 | 0 | _aStatistical theory Ed 2 | |
| 250 | _aEd. 2 | ||
| 260 |
_aLondon _bMacmillan _c1968 |
||
| 300 |
_axi, 521p _ccm. |
||
| 490 | _aMacmillan Mathematis text Ed by Carl B Allendoerfer | ||
| 500 | _aBibliography : P475-76; Appendix P 477-500 | ||
| 650 |
_aStatistics _935791 |
||
| 942 |
_hB28, K8 _cGB _2CC |
||
| 999 |
_c571351 _d571351 |
||